Представление документа в формате MARC21

Поле Инд. ПП Название Значение
Тип записи a
Библиографический уровень m
001 Контрольный номер RU/IS/BASE/331643316
005 Дата корректировки 20220727115051.8
040 b Код языка каталог. rus
041 0_ a Код языка текста rus
080 a Индекс УДК 82.09(47+57)
084 a Индекс другой классификации/Индекс ББК 83.3(2Рос=Рус)6
090 a Полочн. индекс 83.3
c Каталожный индекс 83.3(2=рус)
x Авторский знак Г94
097 b Оператор 12
100 1_ a Автор Гумилёв Н. С.
245 10 a Заглавие Письма о русской поэзии
260 a Место издания М.
b Издательство Современник
c Дата издания 1990
300 a Объем 383 с.
510 a Примечание о ссылках Книги и методические пособия
650 14 a Основная рубрика 17.82 Произведения художественной литературы
x Основная подрубрика 17.82.09 Литературные обзоры. Критика
653 1_ a Ключевые слова литературоведение
901 t Тип документа m